Countries smaller than Texas - Sudden death - Statistiques

Statistiques générales
  • Ce quiz a été pris 156 fois
  • Le résultat moyen est 6 sur 15
Answers on the Grid
Answers color-coded by a green-red scale on the quiz's grid according to % correct below.
United Kingdom
Portugal
France
Cameroon
Sweden
Morocco
Iraq
Paraguay
Zimbabwe
Germany
Slovakia
Iceland
Poland
Ecuador
Italy
Argentina
Kazakhstan
Algeria
Turkey
Sudan
Indonesia
Libya
Mongolia
Peru
Chad
Niger
Angola
Egypt
Venezuela
Namibia
 
Statistiques - réponses
Réponse % Correct
Portugal
60%
Iceland
57%
France
51%
Italy
51%
Ecuador
44%
Slovakia
44%
United Kingdom
41%
Germany
37%
Paraguay
37%
Poland
35%
Morocco
33%
Iraq
31%
Sweden
31%
Cameroon
23%
Zimbabwe
21%
Aucun quiz correspondant
Distribution des résultats
% des personnes avec chaque résultat
Percentile par nombre de réponses
Votre historique - résultats
Vous n’avez pas pris ce quiz